| 000 | 01804nam a22004937a 4500 | ||
|---|---|---|---|
| 003 | CHAP | ||
| 005 | 20220329134936.0 | ||
| 008 | 971013s1995 r 00010 d | ||
| 010 | _a28427 | ||
| 011 | _a29399 | ||
| 035 | _a33510 | ||
| 040 | _cCHAP | ||
| 090 | _aTesis | ||
| 100 | 0 | 0 |
_aGuerrero Manzo, Hugo Javier. _951233 |
| 245 | _aInfluencias genéticas sobre el crecimiento y conversión alimenticia | ||
| 260 |
_aChapingo, Méx. : _bEl autor, _c1995 |
||
| 300 | _a119 h. | ||
| 502 | _aTesis (Ing. Agr. Esp. en Zootecnia) -- UACH. Departamento de Zootecnia | ||
| 590 |
_aALEPH _b10 _c20130110 _lUCH01 _h1249 |
||
| 590 |
_aBATCH-UPD _b10 _c20130110 _lUCH01 _h1313 |
||
| 590 |
_aBATCH-UPD _b10 _c20130410 _lUCH01 _h0826 |
||
| 590 |
_aBATCH-UPD _b10 _c20130914 _lUCH01 _h0442 |
||
| 590 |
_aBATCH-UPD _b10 _c20130914 _lUCH01 _h2122 |
||
| 590 |
_aCONVERSION _b10 _c20130109 _lUCH01 _h1316 |
||
| 650 | 1 | 4 |
_aAves de corral _xAlimentación. _98638 |
| 650 | 1 | 4 |
_aAves de corral _xCrecimiento. _98642 |
| 650 | 1 | 4 |
_aAves de corral _xGenética. _98650 |
| 650 | 1 | 4 |
_aGanado cabrío _xAlimentación. _944990 |
| 650 | 1 | 4 |
_aGanado cabrío _xCrecimiento. _945000 |
| 650 | 1 | 4 |
_aGanado cabrío _xGenética. _945013 |
| 650 | 1 | 4 |
_aGanado lanar _xAlimentación. _945153 |
| 650 | 1 | 4 |
_aGanado lanar _xCrecimiento. _945166 |
| 650 | 1 | 4 |
_aGanado lanar _xGenética. _945182 |
| 650 | 1 | 4 |
_aGanado porcino _xAlimentación. _945329 |
| 650 | 1 | 4 |
_aGanado porcino _xCrecimiento. _945349 |
| 650 | 1 | 4 |
_aGanado porcino _xGenética. _945370 |
| 650 | 1 | 4 |
_aGanado vacuno _xAlimentación. _945429 |
| 650 | 1 | 4 |
_aGanado vacuno _xCrecimiento. _945450 |
| 650 | 1 | 4 |
_aGanado vacuno _xGenética. _945470 |
| 901 | _aBK | ||
| 942 | _cFOLL | ||
| 949 |
_bBC _cTES _d-78026 _eTS1 _h27371 _i33510 _mD _si |
||
| 949 |
_bBC _cTES _d-78027 _eTS2 _fc.2 _h27372 _i33510 _mD _si |
||
| 999 |
_c28427 _d28427 |
||